000 01101cam a2200217 4500
001 J124224
008 031103n2003 000 0 eng u
035 _a(Sirsi) u124224
041 _aeng
050 _a333.73
_c18
110 _aEngland and Wales
_bEnvironment Agency
_92469
245 _aModel procedures for the management of land contamination (CLR 11)
260 _aBristol
_bEnvironment Agency
_c2003
520 _aThe model procedures for management of land contamination are intended to provide the framework for a structured technical process for informing decisions about land contamination. This consultation seeks industry feedback on the draft model procedures before their publication. The consultation closes on 21 November 2003. View at www.environment-agency.gov.uk.
650 _aCONTAMINATED LAND
650 _aENVIRONMENTAL MANAGEMENT
650 _aRISK ASSESSMENT
690 _aENVIRONMENT-CONTAMINATION
856 _uhttps://www.environment-agency.gov.uk/static/documents/model_procedures_881483.pdf
_zView the document on the Environment Agency website.
942 _n0
999 _c103181
_d103181